|
|
|
|
| LEADER |
00000cam a2200000 i 4500 |
| 001 |
1/84446 |
| 008 |
050830s1989 gre d |
| 035 |
|
|
|l 10080022
|
| 040 |
|
|
|a GR-MY-UA
|b gre
|e aacr
|
| 041 |
0 |
|
|a gre
|
| 082 |
0 |
|
|a 113.8
|2 (22)
|
| 100 |
1 |
|
|a Τζαβάρας, Γιάννης
|d 1950-
|
| 245 |
1 |
2 |
|a Ο καντιανός χρόνος κατά τον Χάιντεγγερ /
|c Γιάννης Τζαβάρας
|
| 260 |
|
|
|a Αθήνα :
|a Γιάννινα :
|b Δωδώνη,
|c 1989
|
| 300 |
|
|
|a 101 σ.;
|c 22 εκ.
|
| 500 |
|
|
|a Με: Το βέβαιο του θανάτου / Γιάννη Τζαβάρα
|
| 504 |
|
|
|a Περιέχει βιβλιογραφικές παραπομπές
|
| 600 |
1 |
0 |
|a Heidegger, Martin,
|d 1889-1976.
|
| 650 |
0 |
0 |
|a Time.
|
| 852 |
|
|
|a INST
|b RHODES
|c KRI
|e 20050830
|h 113.8 ΤΖΑ
|p 005400028052
|q 005400028052
|t BK
|y 0
|
| 901 |
|
|
|a BIBL4-2005-2
|
| 909 |
|
|
|a Ρ
|b 122285
|
| 970 |
|
|
|a ΣΙΔΕΡΗ
|b ΝΕΚΤΑΡΙΑ
|z 2005/08/29
|